000 00347 a2200157 4500
001 194565
020 _a9788561167967
040 _cMagnum
100 _aBarros, Sônia
240 1 0 _aNas asas do Haicai
_lpor
245 1 0 _aNas asas do Haicai
300 _a64
362 0 _a2016
697 _aLÍNGUA - LINGÜÍSTICA - LITERATURA
942 _cBK
999 _c194565
_d194565